BIBLIOTECA

SENCICO

Tools and how to use them (Registro nro. 1573)

Detalles MARC
000 -LEADER
fixed length control field 00548nam a2200229Ia 4500
005 - DATE AND TIME OF LATEST TRANSACTION
control field 20251020182515.0
008 - FIXED-LENGTH DATA ELEMENTS--GENERAL INFORMATION
fixed length control field 200515s9999 xx 000 0 und d
020 ## - INTERNATIONAL STANDARD BOOK NUMBER
International Standard Book Number 0-394-42657-6
082 ## - DEWEY DECIMAL CLASSIFICATION NUMBER
Classification number 658.563/J20
100 ## - MAIN ENTRY--PERSONAL NAME
Personal name Day, David
100 ## - MAIN ENTRY--PERSONAL NAME
Personal name Jacson, Albert
245 #0 - TITLE STATEMENT
Title Tools and how to use them
260 ## - PUBLICATION, DISTRIBUTION, ETC.
Place of publication, distribution, etc. New York
260 ## - PUBLICATION, DISTRIBUTION, ETC.
Name of publisher, distributor, etc. Alfred A. Knopf
260 ## - PUBLICATION, DISTRIBUTION, ETC.
Date of publication, distribution, etc. 1981
300 ## - PHYSICAL DESCRIPTION
Other physical details il.
500 ## - GENERAL NOTE
General note 1 ejemplar
650 ## - SUBJECT ADDED ENTRY--TOPICAL TERM
Topical term or geographic name entry element HERRAMIENTAS
650 ## - SUBJECT ADDED ENTRY--TOPICAL TERM
Topical term or geographic name entry element USO Y CONSERVACION DE HERRAMIENTAS MANUALES
942 ## - ADDED ENTRY ELEMENTS (KOHA)
Koha item type Libros
Existencias
Fecha de la última vez que lo usaron Pago total Signatura topográfica completa Código de barras Precio efectivo desde Tipo de documento Estado perdido Estado dañado No es para préstamo Retirado Ubicación permanente Ubicación actual Fecha de adquisición
15/05/2020   658.563/J20 Bib-Lima15051573 15/05/2020 Libros         Biblioteca Central Lima Biblioteca Central Lima 15/05/2020